000 00752nam a22002297a 4500
005 20170124110101.0
010 _aA-792680
020 _c00.00
_a818603000X
035 _aA-792680
037 _bCen Lib/Ret
040 _aDPL
_bEN
082 _a361.1
_bBHA
100 _aBhattacharya, Sunil K.
_918563
245 _aSocial problems in India :
_cby Sunil K.Bhattacharya
_bissues and perspectives /
260 _bRegency Publications
_c1994
_aNew Delhi
270 _a20/36-G, Old Market, West Patel Nagar
_bNew Delhi
_e110008
300 _avii,167p.
_c20cm(Hb)
500 _aIncludes bibliographical references
650 _aSocial conditions
_91609
650 _aSocial problems -- India
_927264
942 _2ddc
_cEN
_h361.1
_mBHA
999 _c129739
_d129739